000 00517nam a22001817a 4500
005 20251108174919.0
008 250721s2009 xx 000 0 ara d
082 1 4 _a746.4/مرز
100 1 _aمرزوق، إبراهيم
245 1 0 _aموسوعة فن التطريز /
264 1 _aالقاهرة :
_bمكتبة ابن سينا،
_c2009.
300 _a287ص.
650 1 7 _aالتطريز
650 1 7 _aالحرف اليدوية
650 1 7 _aاشغال الابرة
942 _2ddc
_cBK
999 _c121367
_d121367